Sosyal Güvenlik Dergisi = Journal of Social Security (Record no. 200045566)

MARC details
000 -LEADER
fixed length control field 00884 a2200301 4500
001 - CONTROL NUMBER
control field 200045566
003 - CONTROL NUMBER IDENTIFIER
control field TR-AnTOB
005 - DATE AND TIME OF LATEST TRANSACTION
control field 20200722102206.0
008 - FIXED-LENGTH DATA ELEMENTS--GENERAL INFORMATION
fixed length control field 161122d20119999tu n0 0 0 d
022 ## - INTERNATIONAL STANDARD SERIAL NUMBER
International Standard Serial Number 2146-4839
040 ## - CATALOGING SOURCE
Original cataloging agency TR-AnTOB
Transcribing agency TR-AnTOB
041 ## - LANGUAGE CODE
Language code of text/sound track or separate title Türkçe
-- İngilizce
099 ## - LOCAL FREE-TEXT CALL NUMBER (OCLC)
Classification number JOURNAL SGD
245 00 - TITLE STATEMENT
Title Sosyal Güvenlik Dergisi = Journal of Social Security
246 #3 - VARYING FORM OF TITLE
Title proper/short title SGD
260 ## - PUBLICATION, DISTRIBUTION, ETC.
Place of publication, distribution, etc. Ankara:
Name of publisher, distributor, etc. Sosyal Güvenlik Kurumu Başkanlığı,
Date of publication, distribution, etc. 2011-
300 ## - PHYSICAL DESCRIPTION
Extent v. :
Other physical details ill. ;
Dimensions 25 cm.
306 ## - PLAYING TIME
Playing time half yearly
336 ## - CONTENT TYPE
Source rdacontent
Content type term text
Content type code txt
337 ## - MEDIA TYPE
Source rdamedia
Media type term unmediated
Media type code n
338 ## - CARRIER TYPE
Source rdacarrier
Carrier type term volume
Carrier type code nc
362 ## - DATES OF PUBLICATION AND/OR SEQUENTIAL DESIGNATION
Dates of publication and/or sequential designation 2011-
650 #0 - SUBJECT ADDED ENTRY--TOPICAL TERM
Topical term or geographic name entry element Sosyal güvenlik
Geographic subdivision Türkiye
Form subdivision Süreli yayınlar
9 (RLIN) 32582
Topical term or geographic name entry element Social security
Geographic subdivision Turkey
Form subdivision Periodicals
9 (RLIN) 32581
856 41 - ELECTRONIC LOCATION AND ACCESS
Uniform Resource Identifier <a href="https://dergipark.org.tr/tr/pub/sgd">https://dergipark.org.tr/tr/pub/sgd</a>
942 ## - ADDED ENTRY ELEMENTS (KOHA)
Koha item type Continuing Resource
Source of classification or shelving scheme Library of Congress Classification

No items available.

Devinim Yazılım Eğitim Danışmanlık tarafından Koha'nın orjinal sürümü uyarlanarak geliştirilip kurulmuştur.